02189nam a22002537a 4500003000400000005001700004008004100021022001400062040001700076041001200093100001900105245018600124260006000310362009000370520112300460653001701583653001601600653002801616653002101644653002701665700001701692700001801709856020801727OSt20260512153950.0251023b |||||||| |||| 00| 0 eng d a1472-3425 aEnglishctbs aEnglish aBarron, Andrew aCountry-of-origin effects on managers’ environmental scanning behavioursb: evidence from the political crisis in the Eurozonec/ Andrew Barron, Peter Hultén, Vladimir Vanyushyn bEnvironment and Planning C: Government and Policyc2015 aJournal of Management Vol. XX No. X, Month XXXX 1 –32 DOI: 10.1177/0149206316680030 aUsing original survey data, we investigate how British, French, and Swedish managers scanned their political environments during the crisis in the Eurozone. We expose instances when country of origin has a significant effect on scanning practices: British managers claimed to possess the most developed political scanning capabilities, making the most frequent use of government information sources. British and Swedish managers used business associations as intelligence sources more frequently than their French counterparts. We also found that exposure to the Euro crisis significantly affected scanning behaviours: irrespective of country of origin, managers strongly exposed to the crisis considered it strategically important to scan political events during the crisis, developed formal scanning routines, and reported frequent use of both governments and business associations as sources of political information. Combined, our findings contribute to county-specific research into executives’ environmental scanning practices by suggesting a universal mindset of environmental scanning during times of crisis. aConvergence  aDivergence  aEnvironmental scanning  aEurozone crisis  aPolitical environments aHultén, P. aVanyushyn, V. uhttps://bibliotheque.tbs-education.fr/Default/doc/edselc/_b64_ZWRzZWxjLjItNTIuMC04NDk0MDA0ODU4Ng%3d%3d/country-of-origin-effects-on-managers-environmental-scanning-behaviours-evidence-from-the-political-